000 00449nam a2200121Ia 4500
008 160712s9999 xx 000 0 und d
100 _aManalili, Angelito G.
245 _cAngelito G. Manalili
_aAng Proseso ng Pag-oorganisa ng Pamayanan na Mula sa Tao Para sa Tao
260 _c2013
_bDaluyan: Journal ng Wikang Filipino
300 _avol. 19 no. 1
650 _xFILIPINO
856 _uhttp://journals.upd.edu.ph/index.php/djwf/issue/view/385/showToc
999 _c297293
_d297293